[Event "POR-chT"]
[Site "Porto"]
[Date "2015.08.17"]
[Round "3.5"]
[White "Pires, Gustavo"]
[Black "Ftacnik, Lubomir"]
[Result "0-1"]
[WhiteElo "2098"]
[BlackElo "2555"]
[PlyCount "50"]
[EventDate "2015.08.16"]
[EventType "team-tourn"]
[EventRounds "9"]
[EventCountry "POR"]
[SourceTitle "EXT 2016"]
[Source "ChessBase"]
[SourceDate "2015.10.08"]
[SourceVersion "1"]
[SourceVersionDate "2015.10.08"]
[SourceQuality "1"]
[WhiteTeam "S Joao da Madeira"]
[BlackTeam "Gaia"]
[WhiteTeamCountry "POR"]
[BlackTeamCountry "POR"]

1. e4 c5 2. Nf3 d6 3. d4 cxd4 4. Nxd4 Nf6 5. Nc3 e6 6. Be2 Be7 7. 0-0 a6 8. a4 Nc6 9. Be3 0-0 10. Kh1 Qc7 11. f4 Re8 12. Nb3 b6 13. Bf3 Bb7 14. Rf2 Rab8 15. Rd2 Na5 16. Nxa5 bxa5 17. Ba7 Rbc8 18. Qg1 Nd7 19. Bd4 Bc6 20. Re1 Qb7 21. Nd1 e5 22. Bc3 exf4 23. Qd4 Ne5 24. Bxa5 f5 25. Bc3 Bf6 0-1

[Event "POR-chT"]
[Site "Porto"]
[Date "2015.08.17"]
[Round "2.2"]
[White "Sousa, Andre Ventura"]
[Black "Pires, Gustavo"]
[Result "1/2-1/2"]
[WhiteElo "2266"]
[BlackElo "2098"]
[PlyCount "56"]
[EventDate "2015.08.16"]
[EventType "team-tourn"]
[EventRounds "9"]
[EventCountry "POR"]
[SourceTitle "EXT 2016"]
[Source "ChessBase"]
[SourceDate "2015.10.08"]
[SourceVersion "1"]
[SourceVersionDate "2015.10.08"]
[SourceQuality "1"]
[WhiteTeam "Porto"]
[BlackTeam "S Joao da Madeira"]
[WhiteTeamCountry "POR"]
[BlackTeamCountry "POR"]

1. e4 e6 2. d4 d5 3. e5 c5 4. c3 Nc6 5. Nf3 Bd7 6. a3 Nh6 7. Be3 Nf5 8. Bd3 cxd4 9. cxd4 Be7 10. Bxf5 exf5 11. Nc3 Be6 12. b4 0-0 13. 0-0 Rc8 14. Qd3 h6 15. g3 Qd7 16. h4 Rc7 17. Bf4 Rcc8 18. Kg2 Rfd8 19. Rfb1 b6 20. h5 Bf8 21. Nd2 g5 22. hxg6 fxg6 23. Rh1 g5 24. Be3 Nxe5 25. dxe5 d4 26. Nce4 fxe4 27. Nxe4 Qd5 28. f3 Qxe5 1/2-1/2

[Event "Famalicao op 3rd"]
[Site "Famalicao"]
[Date "2015.08.03"]
[Round "2"]
[White "Pires, Gustavo"]
[Black "Fernandes, Joao Pedro Murtinho"]
[Result "1/2-1/2"]
[WhiteElo "2098"]
[BlackElo "1682"]
[PlyCount "61"]
[EventDate "2015.08.02"]
[EventType "swiss"]
[EventRounds "7"]
[EventCountry "POR"]
[SourceTitle "CBM 167 Extra"]
[Source "ChessBase"]
[SourceDate "2015.09.14"]
[SourceVersion "1"]
[SourceVersionDate "2015.09.14"]
[SourceQuality "1"]

1. d4 Nf6 2. Nf3 e6 3. c4 d5 4. Nc3 c5 5. cxd5 Nxd5 6. e4 Nxc3 7. bxc3 cxd4 8. cxd4 Bb4+ 9. Bd2 Bxd2+ 10. Qxd2 0-0 11. Bc4 Nd7 12. 0-0 Nf6 13. Rfe1 b6 14. Rad1 Bb7 15. d5 exd5 16. exd5 Qd6 17. Nh4 Ng4 18. g3 Ne5 19. Bf1 Qf6 20. f4 Ng6 21. Nxg6 hxg6 22. d6 Rad8 23. Re7 Bf3 24. Rde1 Qxd6 25. Qxd6 Rxd6 26. Rxa7 Rd2 27. Re3 Bg4 28. h3 Be6 29. Re2 Rxe2 30. Bxe2 Rd8 31. a3 1/2-1/2

[Event "Famalicao op 3rd"]
[Site "Famalicao"]
[Date "2015.08.02"]
[Round "1"]
[White "Mendes, Andreia Fernandes"]
[Black "Pires, Gustavo"]
[Result "0-1"]
[WhiteElo "1162"]
[BlackElo "2098"]
[PlyCount "64"]
[EventDate "2015.08.02"]
[EventType "swiss"]
[EventRounds "7"]
[EventCountry "POR"]
[SourceTitle "CBM 167 Extra"]
[Source "ChessBase"]
[SourceDate "2015.09.14"]
[SourceVersion "1"]
[SourceVersionDate "2015.09.14"]
[SourceQuality "1"]

1. e4 c5 2. Nc3 e6 3. d3 Nc6 4. Nf3 d5 5. Bf4 Nf6 6. e5 Nd7 7. d4 a6 8. Ne2 Qb6 9. Rb1 Be7 10. c3 0-0 11. dxc5 Bxc5 12. Ned4 Bxd4 13. cxd4 f6 14. exf6 Nxf6 15. Bd6 Rd8 16. Bc5 Qc7 17. Bd3 Ne4 18. Qc2 Nf6 19. 0-0 e5 20. dxe5 Nxe5 21. Nxe5 Qxe5 22. Rfe1 Qg5 23. Be7 Bh3 24. g3 Rac8 25. Bxf6 Qxf6 26. Bxh7+ Kh8 27. Qd3 Rf8 28. Re2 Rce8 29. Rbe1 Qxf2+ 30. Rxf2 Rxe1+ 31. Qf1 Rxf1+ 32. Rxf1 Rxf1# 0-1

[Event "POR-chT Districts"]
[Site "Pombal"]
[Date "2015.07.05"]
[Round "4.3"]
[White "Pires, Gustavo"]
[Black "Sousa, Joao Rui"]
[Result "1-0"]
[WhiteElo "2088"]
[BlackElo "1480"]
[PlyCount "91"]
[EventDate "2015.07.04"]
[EventType "team-swiss"]
[EventRounds "4"]
[EventCountry "POR"]
[SourceTitle "EXT 2018"]
[Source "ChessBase"]
[SourceDate "2017.10.13"]
[SourceVersion "1"]
[SourceVersionDate "2017.10.13"]
[SourceQuality "1"]
[WhiteTeam "Aveiro"]
[BlackTeam "Coimbra"]
[WhiteTeamCountry "POR"]
[BlackTeamCountry "POR"]

1. e4 e5 2. Nf3 Nc6 3. Bb5 Nf6 4. 0-0 d6 5. Nc3 Be7 6. d4 exd4 7. Nxd4 Bd7 8. Re1 0-0 9. Bxc6 bxc6 10. b3 c5 11. Nf3 Rb8 12. e5 Ng4 13. exd6 cxd6 14. Nd5 Bf6 15. Nxf6+ Qxf6 16. Bg5 Qc3 17. Be7 Rfe8 18. Qxd6 Bf5 19. Qxc5 Qxc2 20. Qxc2 Bxc2 21. h3 Nh6 22. Bc5 a6 23. Nd4 Bd3 24. Nc6 Ra8 25. Rad1 Bb5 26. Nd4 Rxe1+ 27. Rxe1 Re8 28. Rxe8+ Bxe8 29. Kf1 Bd7 30. Ke1 Nf5 31. Ne2 f6 32. Kd2 Kf7 33. g3 Ne7 34. Bxe7 Kxe7 35. h4 g5 36. Ke3 Kd6 37. Kd4 gxh4 38. gxh4 h5 39. Ng3 Bg4 40. Ke4 Kc5 41. f3 Bd7 42. Nxh5 f5+ 43. Kd3 Kb4 44. Nf6 Bc6 45. f4 Ka3 46. h5 1-0

[Event "POR-chT Districts"]
[Site "Pombal"]
[Date "2015.07.04"]
[Round "2.1"]
[White "Pires, Gustavo"]
[Black "Reis, Luis Sousa"]
[Result "1/2-1/2"]
[WhiteElo "2088"]
[BlackElo "2186"]
[PlyCount "39"]
[EventDate "2015.07.04"]
[EventType "team-swiss"]
[EventRounds "4"]
[EventCountry "POR"]
[SourceTitle "EXT 2018"]
[Source "ChessBase"]
[SourceDate "2017.10.13"]
[SourceVersion "1"]
[SourceVersionDate "2017.10.13"]
[SourceQuality "1"]
[WhiteTeam "Aveiro"]
[BlackTeam "Lisbon"]
[WhiteTeamCountry "POR"]
[BlackTeamCountry "POR"]

1. e4 Nc6 2. Nf3 f5 3. e5 d5 4. d4 e6 5. c3 Nge7 6. Bd3 Ng6 7. h4 Be7 8. Bg5 0-0 9. g3 Bd7 10. Nbd2 b6 11. Qe2 a5 12. Nf1 Na7 13. Ne3 c5 14. Bxe7 Nxe7 15. Ng2 Qe8 16. Nf4 Ng6 17. Ng2 Bb5 18. h5 Bxd3 19. Qxd3 Nh8 20. Nf4 1/2-1/2

[Event "Coimbra op"]
[Site "Coimbra"]
[Date "2014.04.25"]
[Round "2"]
[White "Maduro, Joao Luis Andrade"]
[Black "Pires, Gustavo"]
[Result "0-1"]
[WhiteElo "1783"]
[BlackElo "2090"]
[PlyCount "146"]
[EventDate "2014.04.25"]
[EventType "swiss"]
[EventRounds "7"]
[EventCountry "POR"]
[SourceTitle "CBM 160 Extra"]
[Source "ChessBase"]
[SourceDate "2014.07.01"]
[SourceVersion "1"]
[SourceVersionDate "2014.07.01"]
[SourceQuality "1"]

1. Nf3 Nf6 2. c4 c5 3. Nc3 e6 4. g3 b6 5. Bg2 Bb7 6. 0-0 Be7 7. d4 cxd4 8. Qxd4 0-0 9. Rd1 Nc6 10. Qd2 a6 11. b3 Qc7 12. Bb2 d6 13. Rac1 Rfd8 14. h3 Nb8 15. Qe3 Re8 16. a3 Nbd7 17. Na4 Rab8 18. b4 Ba8 19. Nd4 Bxg2 20. Kxg2 Qb7+ 21. Qf3 Ne5 22. Qxb7 Rxb7 23. b5 Ra8 24. f4 Ned7 25. Nc3 Nc5 26. Nc6 Bf8 27. bxa6 Rxa6 28. Nb4 Ra8 29. Nb5 Nfe4 30. Kf3 f5 31. Nc6 Rc8 32. Nb4 Nb3 33. Rc2 Rxc4 34. Rxc4 Nbd2+ 35. Kg2 Nxc4 36. Bd4 d5 37. Nc2 Bc5 38. Kf3 Ned2+ 39. Kf2 Ne4+ 40. Kg2 Bxd4 41. Nbxd4 Kf7 42. Rb1 Ra7 43. Nb5 Ra5 44. Rb3 Ke7 45. Ncd4 Kd7 46. g4 g6 47. g5 Ned6 48. h4 Nxb5 49. Nxb5 e5 50. fxe5 Nxe5 51. Nd4 Nc4 52. Nb5 Ra8 53. Rd3 Kc6 54. Nd4+ Kd6 55. Nb5+ Ke5 56. Kf3 Ra5 57. Nc7 Rxa3 58. Rxa3 Nxa3 59. Ke3 Nc4+ 60. Kd3 f4 61. Nb5 Ne3 62. Nd4 Nf5 63. Nf3+ Kd6 64. Kc3 Kc5 65. Kd3 b5 66. Kc3 b4+ 67. Kd3 Kb5 68. Kc2 Kc4 69. Kb2 b3 70. Nd2+ Kd4 71. Nf3+ Ke3 72. Kxb3 Nd4+ 73. Nxd4 Kxd4 0-1

[Event "POR-chT"]
[Site "Porto"]
[Date "2013.08.19"]
[Round "3.1"]
[White "Guimaraes, Rui"]
[Black "Pires, Gustavo"]
[Result "1/2-1/2"]
[WhiteElo "2142"]
[BlackElo "2145"]
[PlyCount "44"]
[EventDate "2013.08.18"]
[EventType "team-tourn"]
[EventRounds "9"]
[EventCountry "POR"]
[SourceTitle "CBM 156 Extra"]
[Source "ChessBase"]
[SourceDate "2013.10.22"]
[SourceVersion "1"]
[SourceVersionDate "2013.10.22"]
[SourceQuality "1"]
[WhiteTeam "Ferroviarios do Barreiro"]
[BlackTeam "Galitos"]
[WhiteTeamCountry "POR"]
[BlackTeamCountry "POR"]

1. e4 c5 2. Nc3 e6 3. Nf3 d6 4. d4 cxd4 5. Qxd4 a6 6. Bg5 Nf6 7. e5 Nc6 8. Qa4 h6 9. Bh4 dxe5 10. Nxe5 Bd7 11. Nxd7 Qxd7 12. Rd1 Qc7 13. Nb5 Qb6 14. Bxf6 gxf6 15. Nd6+ Bxd6 16. Rxd6 Qxb2 17. Be2 Qc3+ 18. Kf1 Ke7 19. Rd3 Qe5 20. Qa3+ Ke8 21. g3 Rd8 22. Re3 Qd6 1/2-1/2

[Event "POR-ch prel"]
[Site "Lisbon"]
[Date "2013.07.20"]
[Round "8.7"]
[White "Ferreira, Luis Pedro Oliveira"]
[Black "Pires, Gustavo"]
[Result "1-0"]
[WhiteElo "1980"]
[BlackElo "2149"]
[PlyCount "85"]
[EventDate "2013.07.15"]
[EventType "swiss"]
[EventRounds "9"]
[EventCountry "POR"]
[SourceTitle "EXT 2015"]
[Source "ChessBase"]
[SourceDate "2014.11.20"]
[SourceVersion "1"]
[SourceVersionDate "2014.11.20"]
[SourceQuality "1"]

1. e4 c5 2. Nc3 e6 3. Nge2 d6 4. g3 Nc6 5. Bg2 Nf6 6. 0-0 Be7 7. d3 0-0 8. h3 Rb8 9. a4 b6 10. Be3 Bb7 11. g4 Nd7 12. f4 f5 13. exf5 exf5 14. Nd5 Nf6 15. Ng3 fxg4 16. hxg4 Nxd5 17. Bxd5+ Kh8 18. c3 Na5 19. Qf3 Qd7 20. Bxb7 Qxb7 21. Nf5 Qxf3 22. Rxf3 Rbe8 23. Bf2 g6 24. Ne3 Nb3 25. Rd1 Bd8 26. Bg3 Bf6 27. Nd5 Re2 28. Rf2 Ree8 29. Kf1 Kg7 30. Re1 Rxe1+ 31. Kxe1 Re8+ 32. Kd1 Na5 33. Rh2 Bd8 34. f5 gxf5 35. gxf5 Nb7 36. f6+ Kg6 37. Bf4 h5 38. Rg2+ Kf5 39. Rg7 Ke6 40. Rxb7 Kxd5 41. f7 Rh8 42. Bh6 Kc6 43. Rxa7 1-0

[Event "POR-ch prel"]
[Site "Lisbon"]
[Date "2013.07.19"]
[Round "6.6"]
[White "Pires, Gustavo"]
[Black "Moura, Antonio Jose Brito"]
[Result "1-0"]
[WhiteElo "2149"]
[BlackElo "1911"]
[PlyCount "33"]
[EventDate "2013.07.15"]
[EventType "swiss"]
[EventRounds "9"]
[EventCountry "POR"]
[SourceTitle "EXT 2015"]
[Source "ChessBase"]
[SourceDate "2014.11.20"]
[SourceVersion "1"]
[SourceVersionDate "2014.11.20"]
[SourceQuality "1"]

1. e4 c5 2. Nf3 d6 3. d4 cxd4 4. Nxd4 Nf6 5. Nc3 a6 6. Bg5 e6 7. f4 Be7 8. Qf3 Nbd7 9. 0-0-0 Qc7 10. Kb1 h6 11. Bh4 b5 12. Bxf6 Nxf6 13. e5 Bb7 14. Qg3 dxe5 15. fxe5 Ne4 16. Nxe6 Nxg3 17. Nxc7+ 1-0

[Event "Sintra Masters"]
[Site "Sintra"]
[Date "2013.06.16"]
[Round "9"]
[White "Martins, David Pires Tavares"]
[Black "Pires, Gustavo"]
[Result "1/2-1/2"]
[WhiteElo "2179"]
[BlackElo "2153"]
[PlyCount "44"]
[EventDate "2013.06.08"]
[EventType "tourn"]
[EventRounds "9"]
[EventCountry "POR"]
[EventCategory "1"]
[SourceTitle "CBM 154 Extra"]
[Source "ChessBase"]
[SourceDate "2013.06.25"]
[SourceVersion "2"]
[SourceVersionDate "2013.06.25"]
[SourceQuality "1"]

1. e4 c5 2. b3 e6 3. Bb2 d6 4. Nf3 Nf6 5. e5 dxe5 6. Nxe5 Be7 7. Bb5+ Nbd7 8. Nxd7 Bxd7 9. Bxd7+ Qxd7 10. d3 0-0 11. Nd2 Qc6 12. 0-0 Nd7 13. Qe2 Bf6 14. c3 Qc7 15. Rad1 b5 16. Ne4 Be5 17. g3 b4 18. d4 bxc3 19. dxe5 cxb2 20. f4 c4 21. Qxb2 cxb3 22. axb3 Qb6+ 1/2-1/2

[Event "Sintra Masters"]
[Site "Sintra"]
[Date "2013.06.15"]
[Round "8"]
[White "Pires, Gustavo"]
[Black "Damaso, Rui"]
[Result "0-1"]
[WhiteElo "2153"]
[BlackElo "2374"]
[PlyCount "58"]
[EventDate "2013.06.08"]
[EventType "tourn"]
[EventRounds "9"]
[EventCountry "POR"]
[EventCategory "1"]
[SourceTitle "CBM 154 Extra"]
[Source "ChessBase"]
[SourceDate "2013.06.25"]
[SourceVersion "2"]
[SourceVersionDate "2013.06.25"]
[SourceQuality "1"]

1. e4 Nc6 2. d4 d5 3. exd5 Qxd5 4. Nf3 Bg4 5. Be2 0-0-0 6. c3 e5 7. Be3 e4 8. Nfd2 Bxe2 9. Qxe2 f5 10. Nb3 Nf6 11. N1d2 Qf7 12. 0-0-0 Nd5 13. g3 Be7 14. h4 h6 15. h5 g5 16. hxg6 Qxg6 17. Nc5 Nxe3 18. Qxe3 b6 19. Ncb3 Bg5 20. Qe2 Kb8 21. Kb1 e3 22. Nc4 f4+ 23. Ka1 f3 24. Qxf3 Rhf8 25. Qg4 exf2 26. d5 Rxd5 27. Rxd5 f1Q+ 28. Rxf1 Rxf1+ 29. Rd1 Qe6 0-1

[Event "Sintra Masters"]
[Site "Sintra"]
[Date "2013.06.14"]
[Round "7"]
[White "Pires, Gustavo"]
[Black "Rego, Pedro Filipe"]
[Result "1/2-1/2"]
[WhiteElo "2153"]
[BlackElo "2262"]
[PlyCount "129"]
[EventDate "2013.06.08"]
[EventType "tourn"]
[EventRounds "9"]
[EventCountry "POR"]
[EventCategory "1"]
[SourceTitle "CBM 154 Extra"]
[Source "ChessBase"]
[SourceDate "2013.06.25"]
[SourceVersion "2"]
[SourceVersionDate "2013.06.25"]
[SourceQuality "1"]

1. e4 e5 2. Nf3 d6 3. d4 Nd7 4. Bc4 Be7 5. dxe5 Nb6 6. Bb3 Bg4 7. 0-0 Qd7 8. exd6 Bxd6 9. e5 Bc5 10. Qxd7+ Nxd7 11. e6 Bxe6 12. Bxe6 fxe6 13. Re1 0-0-0 14. Be3 Ngf6 15. Nbd2 h6 16. Nb3 Bd6 17. Nbd4 Rhe8 18. Nb5 a6 19. Nbd4 c5 20. Nb3 b6 21. a4 Nd5 22. c3 N7f6 23. h3 Kb7 24. a5 Nxe3 25. Rxe3 Nd5 26. Re4 b5 27. Ne5 c4 28. Nd4 Nf6 29. Re2 Bc5 30. Nef3 e5 31. Nc2 e4 32. Nfd4 Rd5 33. Rae1 Bxd4 34. Nxd4 b4 35. Ra1 Kc7 36. Ra4 Rb8 37. g3 Kd6 38. Kg2 Nd7 39. f3 Nc5 40. Ra1 bxc3 41. bxc3 Nb3 42. Nxb3 exf3+ 43. Kxf3 Rxb3 44. Re3 Re5 45. Rd1+ Ke6 46. Rde1 Rxe3+ 47. Kxe3 Kd5 48. Kd2 Rb2+ 49. Kc1 Rg2 50. Re3 Kc6 51. g4 Rh2 52. Re6+ Kb5 53. Rb6+ Kxa5 54. Rb4 Rxh3 55. Rxc4 Rh4 56. Re4 Kb6 57. Kb2 h5 58. Re6+ Kb5 59. gxh5 Rxh5 60. Rg6 Rh7 61. Kb3 a5 62. Rg5+ Kb6 63. Kc4 Rh4+ 64. Kb3 Rh7 65. Kc4 1/2-1/2

[Event "Sintra Masters"]
[Site "Sintra"]
[Date "2013.06.13"]
[Round "5"]
[White "Pires, Gustavo"]
[Black "Dias, Paulo Jorge Guimara"]
[Result "0-1"]
[WhiteElo "2153"]
[BlackElo "2434"]
[PlyCount "228"]
[EventDate "2013.06.08"]
[EventType "tourn"]
[EventRounds "9"]
[EventCountry "POR"]
[EventCategory "1"]
[SourceTitle "CBM 154 Extra"]
[Source "ChessBase"]
[SourceDate "2013.06.25"]
[SourceVersion "2"]
[SourceVersionDate "2013.06.25"]
[SourceQuality "1"]

1. e4 c6 2. d4 d5 3. exd5 cxd5 4. c4 Nf6 5. Nc3 e6 6. Nf3 Nc6 7. cxd5 Nxd5 8. Bd3 Be7 9. 0-0 0-0 10. Re1 Bf6 11. Be4 Nce7 12. Qd3 g6 13. Bh6 Bg7 14. Bxg7 Kxg7 15. Rad1 Bd7 16. Ne5 Bc6 17. Nxc6 bxc6 18. h4 Qa5 19. Rd2 Rfd8 20. Qg3 Qc7 21. Qd3 Rab8 22. g3 Qa5 23. Bf3 Nf5 24. Be4 Nde7 25. Bxf5 Nxf5 26. Qe4 Rb4 27. Red1 Qc7 28. Qe5+ Qxe5 29. dxe5 Rdb8 30. b3 c5 31. Rd7 c4 32. Rxa7 cxb3 33. axb3 Nd4 34. Ra5 Nxb3 35. Ra4 Nc5 36. Rxb4 Rxb4 37. Kg2 h6 38. Re1 g5 39. hxg5 hxg5 40. Re3 Kg6 41. Ne2 Rb2 42. Nd4 g4 43. Ne2 Kf5 44. Nd4+ Kg5 45. Ne2 Rd2 46. Nf4 Kf5 47. Re2 Ne4 48. Rxd2 Nxd2 49. Nd3 Ke4 50. Nc5+ Kxe5 51. Nd7+ Kf5 52. Nc5 Ne4 53. Nd3 Nd2 54. Nc5 f6 55. Nd3 Ke4 56. Nf4 e5 57. Nh5 Kf5 58. Ng7+ Kg6 59. Ne6 Kf5 60. Ng7+ Kg5 61. Ne6+ Kg6 62. Nc5 Kf5 63. Kg1 Kg6 64. Kg2 Kf7 65. Nd7 Ke6 66. Nb6 Kd6 67. Nc8+ Kd7 68. Nb6+ Kc6 69. Nc8 Kd5 70. Ne7+ Ke6 71. Nc8 Nc4 72. Na7 Nd2 73. Nc8 Kd7 74. Nb6+ Kc6 75. Nc8 Kd5 76. Ne7+ Ke4 77. Ng8 f5 78. Nh6 Nf3 79. Nf7 Nd4 80. Nd6+ Kd5 81. Nc8 Kc6 82. Ne7+ Kd6 83. Nc8+ Kc5 84. Ne7 Kc4 85. Nc8 Kd3 86. Nb6 Ke2 87. Nd5 Nc2 88. Nc3+ Kd3 89. Nd5 Kd4 90. Nf6 Kc4 91. Nd7 Kd5 92. Nb6+ Kd4 93. Nd7 Ne1+ 94. Kf1 Nd3 95. Nf6 Nc5 96. Ke2 Ne4 97. Nd7 Nc3+ 98. Kf1 Ke4 99. Nc5+ Kd5 100. Nd7 Kd4 101. Kg2 e4 102. Nf8 Nd5 103. Ng6 Kd3 104. Ne5+ Ke2 105. Nc6 e3 106. fxe3 Nxe3+ 107. Kh2 Kf2 108. Ne5 Nf1+ 109. Kh1 Nxg3+ 110. Kh2 Nf1+ 111. Kh1 Ne3 112. Nd3+ Kf1 113. Nf4 g3 114. Ng2 Kf2 0-1

[Event "POR-ch prel"]
[Site "Matosinhos"]
[Date "2012.08.07"]
[Round "4.4"]
[White "Margarido, Jose Miguel Teixeir"]
[Black "Pires, Gustavo"]
[Result "1/2-1/2"]
[WhiteElo "1906"]
[BlackElo "2132"]
[PlyCount "59"]
[EventDate "2012.08.04"]
[EventType "swiss"]
[EventRounds "9"]
[EventCountry "POR"]
[SourceTitle "EXT 2015"]
[Source "ChessBase"]
[SourceDate "2014.11.20"]
[SourceVersion "1"]
[SourceVersionDate "2014.11.20"]
[SourceQuality "1"]

1. e4 e6 2. d4 d5 3. Nd2 Nf6 4. e5 Nfd7 5. Bd3 c5 6. c3 Nc6 7. Ne2 cxd4 8. cxd4 f6 9. exf6 Nxf6 10. Nf3 Bd6 11. 0-0 0-0 12. b3 e5 13. dxe5 Nxe5 14. Nxe5 Bxe5 15. Rb1 Bg4 16. f3 Be6 17. Bf4 Qb6+ 18. Kh1 Bxf4 19. Nxf4 Bf7 20. Qd2 Rfe8 21. Rfe1 Qd6 22. g3 a6 23. Kg2 Rad8 24. Rxe8+ Rxe8 25. Re1 Rxe1 26. Qxe1 Qa3 27. Qe2 Qc1 28. h4 Qc5 29. Ne6 Qb6 30. Nf4 1/2-1/2

[Event "POR-ch qual"]
[Site "Amadora"]
[Date "2011.09.06"]
[Round "4"]
[White "Pires, Gustavo"]
[Black "Ulyanovskyy, Viktor"]
[Result "1/2-1/2"]
[WhiteElo "2050"]
[BlackElo "2307"]
[PlyCount "88"]
[EventDate "2011.09.03"]
[EventType "swiss"]
[EventRounds "9"]
[EventCountry "POR"]
[SourceTitle "CBM 144 Extra"]
[Source "ChessBase"]
[SourceDate "2011.10.28"]
[SourceVersion "1"]
[SourceVersionDate "2011.10.28"]
[SourceQuality "1"]

1. e4 c6 2. d4 d5 3. exd5 cxd5 4. c4 Nf6 5. Nc3 e6 6. Nf3 Nc6 7. cxd5 Nxd5 8. Bd3 Be7 9. 0-0 Bf6 10. Be4 0-0 11. Re1 a6 12. a3 Qd6 13. Qd3 g6 14. Bh6 Rd8 15. Rad1 Nxc3 16. bxc3 Qxa3 17. Bxc6 bxc6 18. Ne5 Bg7 19. Bxg7 Kxg7 20. Nxc6 Rd7 21. Ra1 Qd6 22. Ne5 Rc7 23. Qd2 Bb7 24. Ng4 f5 25. Ne5 Rac8 26. c4 Rd8 27. Rad1 Qe7 28. d5 Rd6 29. Qb2 Qf6 30. Qb4 exd5 31. c5 Re6 32. c6 Bxc6 33. Nxc6 Rxe1+ 34. Rxe1 Qxc6 35. Qd4+ Kf7 36. Qe5 Qd7 37. Qh8 h5 38. Qh7+ Kf6 39. Qh8+ Qg7 40. Qd8+ Re7 41. h4 Qf7 42. Qh8+ Qg7 43. Qd8 Qf7 44. Qh8+ Qg7 1/2-1/2

[Event "POR-ch qual"]
[Site "Amadora"]
[Date "2011.09.05"]
[Round "3"]
[White "Leite Oralova, Catarina"]
[Black "Pires, Gustavo"]
[Result "1-0"]
[WhiteElo "2165"]
[BlackElo "2050"]
[PlyCount "75"]
[EventDate "2011.09.03"]
[EventType "swiss"]
[EventRounds "9"]
[EventCountry "POR"]
[SourceTitle "CBM 144 Extra"]
[Source "ChessBase"]
[SourceDate "2011.10.28"]
[SourceVersion "1"]
[SourceVersionDate "2011.10.28"]
[SourceQuality "1"]

1. e4 e6 2. d3 c5 3. Nc3 b6 4. g3 Bb7 5. Bg2 Nf6 6. Nge2 d6 7. h3 Nc6 8. Be3 Be7 9. 0-0 0-0 10. f4 d5 11. Bf2 dxe4 12. dxe4 Qxd1 13. Raxd1 Rfd8 14. e5 Ne8 15. Rfe1 Nc7 16. a4 Rxd1 17. Rxd1 Rd8 18. Ra1 Na5 19. Bxb7 Nxb7 20. Nb5 Nxb5 21. axb5 Na5 22. Be1 c4 23. Kg2 Bc5 24. Ra4 Rd5 25. Bxa5 bxa5 26. Rxc4 f6 27. exf6 gxf6 28. Kf3 Bb6 29. Nc3 Rd8 30. g4 Kf7 31. Na4 Bd4 32. Rc7+ Kg6 33. Rc6 Kf7 34. Nc5 Bxb2 35. Rc7+ Kg8 36. Nxe6 Rd6 37. f5 a4 38. Rg7+ 1-0